| 000 | 00655nam a22002297a 4500 | ||
|---|---|---|---|
| 005 | 20170124110200.0 | ||
| 010 | _aA-933968 | ||
| 020 | _c00.00 | ||
| 035 | _aA-933968 | ||
| 037 | _bCen Lib/Ret | ||
| 040 |
_aDPL _bEN |
||
| 082 |
_a020 _bGIR |
||
| 100 |
_aGirja Kumar _91102 |
||
| 245 |
_aSociology of information management / _cby Girja Kumar |
||
| 260 |
_aNew Delhi _bHar-Anand Publications _c1998 |
||
| 270 |
_a364-A, Chirag Delhi _bNew Delhi _e110017 |
||
| 300 |
_a208p. _c22cm(Hb) |
||
| 500 | _aIncludes index | ||
| 650 |
_aLibrary science _935840 |
||
| 650 |
_aInformation management _935841 |
||
| 942 |
_2ddc _cEN _h020 _mGIR |
||
| 999 |
_c132820 _d132820 |
||